| 000 | 01684cam a2200337 i 4500 | ||
|---|---|---|---|
| 003 | SA-RiAUC | ||
| 005 | 20251111081433.0 | ||
| 008 | 250810s1948 ua g 000 0 ara c | ||
| 040 |
_aJO-AmJU _bara _cSA-RiAUC _erda |
||
| 082 | 0 | 4 | _a219 |
| 090 |
_aن 219 _bت ا ج |
||
| 100 | 1 |
_aتاج الدين السبكي، عبد الوهاب بن علي بن عبد الكافي، _d727-771 هجري _eمؤلف. |
|
| 245 | 1 | 0 |
_aمعيد النعم ومبيد النقم / _cتاج الدين عبد الوهاب السبكي ؛ حققه وضبطه وعلق عليه محمد علي النجار، أبو زيد شلبي، محمد أبو العيون. |
| 264 | 1 |
_aالقاهرة : _bدار الكتاب العربي : _bجماعة الأزهر للنشر والتأليف، _c1948 |
|
| 300 | _a177 صفحة | ||
| 336 |
_aنص _btxt _2rdacontent _3كتاب |
||
| 337 |
_aبدون وسيط _bn _2rdamedia |
||
| 338 |
_aمجلد _bnc _2rdacarrier |
||
| 650 | 7 |
_aالإسلام والإصلاح السياسي _2aucsh |
|
| 650 | 7 |
_aالإسلام والإصلاح الاجتماعي _2aucsh |
|
| 650 | 7 |
_aالإسلام والمجتمع _2aucsh |
|
| 650 | 7 |
_aالأخلاق الإسلامية _2aucsh |
|
| 650 | 7 |
_aالآداب الإسلامية _2aucsh |
|
| 700 | 1 |
_aالنجار، محمد علي، _d1895-1965 _eمحقق. |
|
| 700 | 1 |
_aشلبي، أبو زيد _eمحقق. |
|
| 700 | 1 |
_aأبو العيون، محمد _eمحقق. |
|
| 856 |
_uhttp://dlib.nyu.edu/aco/book/nyu_aco000444/1?lang=ar _yDigital Copy |
||
| 856 |
_uhttp://dlib.nyu.edu/files/books/nyu_aco000444/nyu_aco000444_thumb.jpg _yCoverImage |
||
| 942 |
_2ddc _cBOOK _n0 |
||
| 949 |
_aSA-JeALM _d250810 _umohamedma123 _n1 |
||
| 999 |
_c13175 _d13175 |
||